<?xml version="1.0" encoding="UTF-8"?><?xml-stylesheet type="text/xsl" href="static/style.xsl"?><OAI-PMH xmlns="http://www.openarchives.org/OAI/2.0/" xmlns:xsi="http://www.w3.org/2001/XMLSchema-instance" xsi:schemaLocation="http://www.openarchives.org/OAI/2.0/ http://www.openarchives.org/OAI/2.0/OAI-PMH.xsd"><responseDate>2026-04-17T10:33:50Z</responseDate><request verb="GetRecord" identifier="oai:www.recercat.cat:2445/170895" metadataPrefix="marc">https://recercat.cat/oai/request</request><GetRecord><record><header><identifier>oai:recercat.cat:2445/170895</identifier><datestamp>2025-12-04T20:53:58Z</datestamp><setSpec>com_2072_1057</setSpec><setSpec>col_2072_478796</setSpec><setSpec>col_2072_478917</setSpec></header><metadata><record xmlns="http://www.loc.gov/MARC21/slim" xmlns:dcterms="http://purl.org/dc/terms/" xmlns:xsi="http://www.w3.org/2001/XMLSchema-instance" xmlns:doc="http://www.lyncode.com/xoai" xsi:schemaLocation="http://www.loc.gov/MARC21/slim http://www.loc.gov/standards/marcxml/schema/MARC21slim.xsd">
   <leader>00925njm 22002777a 4500</leader>
   <datafield ind2=" " ind1=" " tag="042">
      <subfield code="a">dc</subfield>
   </datafield>
   <datafield ind2=" " ind1=" " tag="720">
      <subfield code="a">Giró Paloma, Jessica</subfield>
      <subfield code="e">author</subfield>
   </datafield>
   <datafield ind2=" " ind1=" " tag="720">
      <subfield code="a">Formosa Mitjans, Joan</subfield>
      <subfield code="e">author</subfield>
   </datafield>
   <datafield ind2=" " ind1=" " tag="720">
      <subfield code="a">Chimenos Ribera, Josep Ma.</subfield>
      <subfield code="e">author</subfield>
   </datafield>
   <datafield ind2=" " ind1=" " tag="260">
      <subfield code="c">2020-09-28T10:46:41Z</subfield>
   </datafield>
   <datafield ind2=" " ind1=" " tag="260">
      <subfield code="c">2020-09-28T10:46:41Z</subfield>
   </datafield>
   <datafield ind2=" " ind1=" " tag="260">
      <subfield code="c">2020-09-28</subfield>
   </datafield>
   <datafield ind2=" " ind1=" " tag="260">
      <subfield code="c">2020-09-28T10:46:42Z</subfield>
   </datafield>
   <datafield ind2=" " ind1=" " tag="520">
      <subfield code="a">In this study, a granular material (GM) derived from wastes generated in waste-to-energy plants was developed. Weathered bottom ash (WBA) and air pollution control (APC) ashes obtained from municipal solid waste incineration (MSWI) were used as raw materials. A mortar (M) with 50 wt. % of APC and 50 wt. % of Ordinary Portland Cement (OPC) CEM-I was prepared. The GM formulation was 20 wt. % M and 80 wt. % WBA. At the laboratory scale, WBA, APC, M, and crushed GM were evaluated by means of dynamic leaching (EN 12457-4) tests, and WBA, M, and crushed GM by percolation column (CEN/TS 16637) tests. The metal(loid)s analyzed were below the non-hazardous limits, regarding the requirement of the metal(loid)s released for waste revalorization. In order to simulate a road subbase real scenario, the crushed GM was tested in an experimental section (10 × 20 × 0.2 m). During a 600-day period, the leachates generated by the percolation of rainwater were collected. This research shows outstanding results regarding the metal(loid)s released for both the 'accumulated' and 'punctual' leachates collected. An accomplishment in the immobilization of metal(loid)s from APC residues was achieved because of the encapsulation effect of the cement. The GM formulation from both MSWI wastes can be considered an environmentally safe procedure for revalorizing APC residues.</subfield>
   </datafield>
   <datafield tag="653" ind2=" " ind1=" ">
      <subfield code="a">Ciment pòrtland</subfield>
   </datafield>
   <datafield tag="653" ind2=" " ind1=" ">
      <subfield code="a">Incineració</subfield>
   </datafield>
   <datafield tag="653" ind2=" " ind1=" ">
      <subfield code="a">Recuperació de residus</subfield>
   </datafield>
   <datafield tag="653" ind2=" " ind1=" ">
      <subfield code="a">Portland cement</subfield>
   </datafield>
   <datafield tag="653" ind2=" " ind1=" ">
      <subfield code="a">Incineration</subfield>
   </datafield>
   <datafield tag="653" ind2=" " ind1=" ">
      <subfield code="a">Recovery of waste products</subfield>
   </datafield>
   <datafield ind2="0" ind1="0" tag="245">
      <subfield code="a">Granular material development applied in an experimental section for civil engineering purposes</subfield>
   </datafield>
</record></metadata></record></GetRecord></OAI-PMH>